Anti-inflammatory Nutraceuticals and Chronic Diseases

This comprehensive volume focuses on anti-inflammatory nutraceuticals and their role in various chronic diseases. Food and Drug Administration (FDA) approved drugs such as steroids, non-steroidal anti-inflammatory drugs (NSAIDS), statins and metformin have been shown to modulate inflammatory pathway...

Full description

Bibliographic Details
Corporate Author: SpringerLink (Online service)
Other Authors: Gupta, Subash Chandra (Editor), Prasad, Sahdeo (Editor), Aggarwal, Bharat B. (Editor)
Format: Electronic eBook
Language:English
Published: Cham : Springer International Publishing : Imprint: Springer, 2016.
Series:Advances in Experimental Medicine and Biology, 928
Subjects:
Online Access:Full Text via HEAL-Link
LEADER 03048nam a22005295i 4500
001 978-3-319-41334-1
003 DE-He213
005 20170921141751.0
007 cr nn 008mamaa
008 160926s2016 gw | s |||| 0|eng d
020 |a 9783319413341  |9 978-3-319-41334-1 
024 7 |a 10.1007/978-3-319-41334-1  |2 doi 
040 |d GrThAP 
050 4 |a QR180-189.5 
072 7 |a MJCM  |2 bicssc 
072 7 |a MED044000  |2 bisacsh 
082 0 4 |a 616.079  |2 23 
245 1 0 |a Anti-inflammatory Nutraceuticals and Chronic Diseases  |h [electronic resource] /  |c edited by Subash Chandra Gupta, Sahdeo Prasad, Bharat B. Aggarwal. 
264 1 |a Cham :  |b Springer International Publishing :  |b Imprint: Springer,  |c 2016. 
300 |a VIII, 482 p. 61 illus., 35 illus. in color.  |b online resource. 
336 |a text  |b txt  |2 rdacontent 
337 |a computer  |b c  |2 rdamedia 
338 |a online resource  |b cr  |2 rdacarrier 
347 |a text file  |b PDF  |2 rda 
490 1 |a Advances in Experimental Medicine and Biology,  |x 0065-2598 ;  |v 928 
505 0 |a Curcuminand Its Role in Chronic Diseases -- Berberine and its Role in Chronic Disease -- Emodin and Its Role in Chronic Diseases -- Ursolic acid and chronic disease:  An overview of UA’s effects on prevention and treatment of obesity and cancer -- Tocotrienol and its Role in Chronic Diseases -- Indole-3-carbinol and its Role in Chronic Diseases -- Sanguinarine and its Role in Chronic Diseases -- Piperine and its Role in Chronic Diseases -- Therapeutic Potential and Molecular Targets of Piceatannol in Chronic Diseases -- Fisetin and its Role in Chronic Diseases. 
520 |a This comprehensive volume focuses on anti-inflammatory nutraceuticals and their role in various chronic diseases. Food and Drug Administration (FDA) approved drugs such as steroids, non-steroidal anti-inflammatory drugs (NSAIDS), statins and metformin have been shown to modulate inflammatory pathways, but their long-term intake has been associated with numerous side effects. This means that there is enormous potential for dietary agents that can modulate inflammatory pathways in humans. Leading experts describe the latest research on the role of anti-inflammatory nutraceuticals in preventing and treating chronic diseases. 
650 0 |a Medicine. 
650 0 |a Immunology. 
650 0 |a Pharmacology. 
650 0 |a Food  |x Biotechnology. 
650 0 |a Nutrition. 
650 1 4 |a Biomedicine. 
650 2 4 |a Immunology. 
650 2 4 |a Food Science. 
650 2 4 |a Nutrition. 
650 2 4 |a Pharmacology/Toxicology. 
700 1 |a Gupta, Subash Chandra.  |e editor. 
700 1 |a Prasad, Sahdeo.  |e editor. 
700 1 |a Aggarwal, Bharat B.  |e editor. 
710 2 |a SpringerLink (Online service) 
773 0 |t Springer eBooks 
776 0 8 |i Printed edition:  |z 9783319413327 
830 0 |a Advances in Experimental Medicine and Biology,  |x 0065-2598 ;  |v 928 
856 4 0 |u http://dx.doi.org/10.1007/978-3-319-41334-1  |z Full Text via HEAL-Link 
912 |a ZDB-2-SBL 
950 |a Biomedical and Life Sciences (Springer-11642)